000 00892nam a22002417a 4500
003 UA-OsUOA
001 49030
007 ta
008 20131030b un ||||| |||| 00| 0 ukr d
100 _aВєдєнєєв Д.
090 _a94(477).07
_bВ40
942 _cBK
040 _aUA-OsUOA
_bukr
_cUA-OsUOA
_dUA-OsUOA
245 _aЗаручниця глобального протистояння. Трагедія великого голоду 1932-1933 років в Україні в контексті "холодної війни" 1945-1991 років
300 _a232 с.
955 _a1
041 _aukr
080 _a94(477).07
260 _aК.
_bДорадо-Друк
_c2013
650 7 _a9 Географія. Біографії. Історія
_2UDC
999 _c429155
_d429155